Les Simpson - Statistiques

Statistiques générales
  • Ce quiz a été pris 1 265 fois
  • Le résultat moyen est 4 sur 10
Statistiques - réponses
Question Réponse % Correct
Qui est secrètement amoureux de Lisa Simpson? Milhouse
96%
Qui fait la voix off de Bart Simpson? Une Femme
86%
Quel est le deuxième prénom de Bart Simpson Jojo
60%
Quel est le nom d'Homer Simpson dans la version arabe de la série? Omar Shamshoom
58%
Jusqu'à quelle année la Fox a le droit de diffusion de la série des Simpson 2082
36%
Quel est le deuxième prénom de Milhouse Mussolini
35%
En combien de temps a été composé le générique des Simpson? 2 jours
30%
Combien de temps en moyenne faut-il pour réaliser un épisode des Simpson? 6 mois
19%
Combien de temps faut-il pour regarder l'intégralité de la série Les Simpson sans coupure et sans dormir? 8 jours
12%
Combien y'a-t-il de saison des Simpson actuellement ? 25
1%
Aucun quiz correspondant
Distribution des résultats
% des personnes avec chaque résultat
Percentile par nombre de réponses
Votre historique - résultats
Vous n’avez pas pris ce quiz